000 00521cam a2200193 a 4500
001 2788095
005 20240401033309.0
008 810826s1982 enk b 001 0 eng
020 _a0710002733
040 _aDLC
_cDLC
_dDLC
082 0 0 _a330.9.
_219
_bTHE.
100 1 _aDe Silva, S. B. D.,
245 1 4 _aThe political economy of underdevelopment /
_cS.B.D. de Silva.
260 _aLondon ;
_bRoutledge & K. Paul,
_c1982.
300 _aviii, 1182 p. ;
650 0 _aPlantations.
650 0 _aLabor supply
942 _cL
999 _c5869
_d5869